| 000 | 00719nam a2200253 a 4500 | ||
|---|---|---|---|
| 999 |
_c171088 _d171088 |
||
| 003 | UPN | ||
| 005 | 20240802063715.0 | ||
| 008 | 140821s2010 mx r 000 0 spa d | ||
| 020 | _a9786074695854 | ||
| 020 | _a9786074110630 | ||
| 035 | _aUPN01000198987 | ||
| 040 |
_aUPN _bspa _cUPN |
||
| 049 | _aI | ||
| 050 | 4 |
_aPZ78 _bF4.8 |
|
| 100 | 1 |
_aFernández, Bernardo, _d1972- _932578 |
|
| 245 | 1 | 0 |
_aSoy el robot / _cBernardo Fernández ; il. Patricio Betteo. |
| 260 |
_aMéxico : _bSEP : _bAlmadía, _c2010. |
||
| 300 |
_a42, [5] p. : _bil. col. |
||
| 650 | 4 |
_aLiteratura infantil mexicana _910209 |
|
| 650 | 4 |
_aLibros y lectura para niños _92290 |
|
| 905 | _aInfantil | ||
| 942 |
_2lcc _cLIBRO |
||